000 00747cab a2200253 4500
001 WB3522-25
008 090401t1999 xxu||||| |||| 00| 0 eng d
035 _a(Sirsi) u93845
041 _aeng
245 _aHouse specialists register planned
260 _c1999
350 _a0
490 _aBuilding Design
_v(1398) 4 June 1999, 2(1)
520 _aThe Architects in Housing (AIH) group plans to create a national approved register of housing specialists in a bid to raise the profile of small practices.
650 _aARCHITECTS IN HOUSING
650 _aARCHITECTS
650 _aDATABASES
650 _aREGISTERS
650 _aSMALL PRACTICES
650 _aSPECIALISTS
690 _aHOUSING
942 _n0
948 _c09/06/1999
999 _c59477
_d59477